Diplomatic Relations of Bhutan - Statistics

General Stats
  • This quiz has been taken 5 times
  • The average score is 39 of 58
Answer Stats
Date Country % Correct
12 May 1973 Bangladesh
100%
14 January 1968 India
100%
15 December 2011 Indonesia
100%
1 February 2012 Myanmar
100%
3 June 1983 Nepal
100%
15 December 1988 Pakistan
100%
14 November 1989 Thailand
100%
14 March 2012 Argentina
80%
14 September 2002 Australia
80%
21 September 2009 Brazil
80%
21 December 2012 Colombia
80%
14 November 2012 Egypt
80%
1 May 1986 Finland
80%
25 November 2020 Germany
80%
12 December 2020 Israel
80%
20 November 2012 Kazakhstan
80%
10 June 1985 Netherlands
80%
5 November 1985 Norway
80%
15 March 2013 Oman
80%
29 November 2012 Poland
80%
18 September 2024 Saudi Arabia
80%
11 February 2011 Spain
80%
27 August 1985 Sweden
80%
24 January 2013 Tajikistan
80%
26 September 2012 Türkiye
80%
19 January 2012 Vietnam
80%
20 April 2010 Afghanistan
60%
23 March 2012 Andorra
60%
26 September 2012 Armenia
60%
7 February 2013 Azerbaijan
60%
6 January 1992 Bahrain
60%
21 January 2009 Belgium
60%
25 June 2003 Canada
60%
26 September 2011 Cuba
60%
2 December 2011 Czech Republic
60%
28 March 1986 Japan
60%
23 May 1983 Kuwait
60%
20 July 1984 Maldives
60%
2 July 2012 Mauritius
60%
18 January 2012 Mongolia
60%
21 November 2011 Morocco
60%
16 October 2025 Qatar
60%
9 December 2011 Serbia
60%
20 September 2002 Singapore
60%
26 September 2012 Slovakia
60%
13 September 2012 Slovenia
60%
24 September 1987 South Korea
60%
13 May 1987 Sri Lanka
60%
8 May 1989 Austria
40%
21 March 2012 Costa Rica
40%
13 August 1985 Denmark
40%
21 August 2012 Eswatini
40%
18 November 2011 Fiji
40%
29 October 2024 Lesotho
40%
1 December 2011 Luxembourg
40%
6 October 2025 Philippines
40%
16 September 1985 Switzerland
40%
13 September 2012 United Arab Emirates
40%
No matching quizzes found
Score Distribution
Percent of People with Each Score
Percentile by Number Answered
Your Score History
You have not taken this quiz